TEXT BOOK OF HISTOLOGY (Record no. 11066)

MARC details
000 -LEADER
fixed length control field 00330nam a22001577a 4500
003 - CONTROL NUMBER IDENTIFIER
control field SGT
020 ## - INTERNATIONAL STANDARD BOOK NUMBER
International Standard Book Number 978-81-901774-0-0
082 ## - DEWEY DECIMAL CLASSIFICATION NUMBER
Classification number 611.018
Item number H13T
100 ## - MAIN ENTRY--PERSONAL NAME
Personal name TONDON, B.K
245 ## - TITLE STATEMENT
Title TEXT BOOK OF HISTOLOGY
250 ## - EDITION STATEMENT
Edition statement 2ND
260 ## - PUBLICATION, DISTRIBUTION, ETC. (IMPRINT)
Place of publication, distribution, etc DELHI
Name of publisher, distributor, etc AHUJA PUB
Year of Publication 2013
300 ## - PAGE DESCRIPTION
No. of Pages 195
650 ## - SUBJECT ADDED ENTRY--TOPICAL TERM
Topical term or geographic name as entry element PHARMACY
942 ## - ADDED ENTRY ELEMENTS (KOHA)
Source of classification or shelving scheme Dewey Decimal Classification
Koha item type Books
Holdings
Withdrawn status Lost status Source of classification or shelving scheme Damaged status Not for loan Collection code Home library Current library Shelving location Date acquired Vendor Name Cost, normal purchase price SGTU Full call number Accession No. (Barcode) Date last seen Bill Date Koha item type
    Dewey Decimal Classification     PHARMACY SGT FA-FP Library SGT FA-FP Library Reference Book 02/03/2017 AHUJA PUB 295.00 SGTU 611.018 H13T FP2019 02/03/2017 02/03/2017 Books
    Dewey Decimal Classification     PHARMACY SGT FA-FP Library SGT FA-FP Library Reference Book 02/03/2017 AHUJA PUB 295.00 SGTU 611.018 H13T FP2020 02/03/2017 02/03/2017 Books